| 000 | 00580cam a22002051 4500 | ||
|---|---|---|---|
| 001 | af 47006167 | ||
| 003 | DLC | ||
| 005 | 20260227110836.0 | ||
| 008 | 831012s1945 be 000 0 fre | ||
| 010 | _aaf 47006167 | ||
| 035 | _a(OCoLC)23433164 | ||
| 040 |
_aDLC _cMiU _dDLC |
||
| 050 | 0 | 0 |
_aE169 _b.B755 |
| 082 | _a917.3 | ||
| 100 | 1 | _aBouckaert, Albert. | |
| 245 | 1 | 3 |
_aUn autre monde; _b25.000 kilomètres à travers les États-Unis et le Canada. |
| 260 |
_aBruxelles, _bMeddens _c[1945] |
||
| 300 |
_a311, [1] p. _c21 cm. |
||
| 651 | 0 |
_aUnited States _xDescription and travel. |
|
| 999 |
_c3441 _d3441 |
||